000 00468nam a22001217a 4500
999 _c21355
_d21355
008 240906b ||||| |||| 00| 0 eng d
100 _aVerdadero, Nancy N.
_eauthor.
_960270
245 _aLesson plan in science vi used in cot /
_cNancy N. Verdadero.
260 _aPhilippines;
_bPublishers Association of the Philippines, Inc.,
_cJuly 2019.
300 _aVolume 168, pages 63-64,
_billustration.
700 _aVerdadero, Nancy N.
_eauthor.
_960270
942 _2ddc
_cPER